000 00368nam a2200145Ia 4500
005 20250729165739.0
008 250729s2014 xx 000 0 und d
041 _aeng
082 _a372.25 VASE
100 _aU C Vashista
_9231993
245 _aEducational Philosophy
260 _aNew Delhi
_bA P H PUBLISHING
_c2014
300 _a436p
650 _aEducation
_9231994
999 _c239560
_d239560